AEVUM. RASSEGNA DI SCIENZE STORICHE, LINGUISTICHE E FILOLOGICHE. N. I-VI. ANNO XLIII. 1969. (Record n. 319466)
[ formato base ]
| 000 -LEADER | |
|---|---|
| fixed length control field | 02419nas a2200277Ia 4500 |
| 001 - CONTROL NUMBER | |
| control field | R050-R1010 |
| 003 - CONTROL NUMBER IDENTIFIER | |
| control field | IT-CnALBA |
| 008 - FIXED-LENGTH DATA ELEMENTS--GENERAL INFORMATION | |
| fixed length control field | 170116c99999999xx |||||||||||| ||und|| |
| 040 ## - CATALOGING SOURCE | |
| Original cataloging agency | IT-CnALBA |
| Transcribing agency | IT-CnALBA |
| 041 ## - LANGUAGE CODE | |
| Language code of text/sound track or separate title | ITALIANO |
| 999 ## - SYSTEM CONTROL NUMBERS (KOHA) | |
| Koha Dewey Subclass [OBSOLETE] | NO |
| 100 ## - MAIN ENTRY--PERSONAL NAME | |
| Personal name | CLERICI ANNA MARINA |
| 210 ## - ABBREVIATED TITLE | |
| Abbreviated title | AEVUM |
| 222 ## - KEY TITLE | |
| Key title | AEVUM |
| 245 #0 - TITLE STATEMENT | |
| Title | AEVUM. RASSEGNA DI SCIENZE STORICHE, LINGUISTICHE E FILOLOGICHE. N. I-VI. ANNO XLIII. 1969. |
| 250 ## - EDITION STATEMENT | |
| Edition statement | 1a ed. |
| 260 ## - PUBLICATION, DISTRIBUTION, ETC. (IMPRINT) | |
| Place of publication, distribution, etc. | MILANO |
| Name of publisher, distributor, etc. | VITA E PENSIERO. SOCIETÀ EDITRICE |
| Date of publication, distribution, etc. | 1969 |
| 300 ## - PHYSICAL DESCRIPTION | |
| Extent | 573 p. |
| 310 ## - CURRENT PUBLICATION FREQUENCY | |
| Current publication frequency | BIMESTRALE |
| 362 ## - DATES OF PUBLICATION AND/OR SEQUENTIAL DESIGNATION | |
| Dates of publication and/or sequential designation | Fascicolo: 1-6 / Anno: 43 (1969) |
| 500 ## - GENERAL NOTE | |
| General note | SOMMARIO ANNATA 1969. ARTICOLI MISCELLANEA RECENSIONI ANNUNZI BIBLIOGRAFICI LIBRI RICEVUTI. CESARE NICERO BRIENNIO, STORICO. STORIA BIBLICA E PROFANA IN IRENEO. RICERCHE SUL LESSICOGRAFO PAPIA. ATTORE NELLA COMMEDIA NOVA. DIARIO DEL MANTOVANI. CICERONIANA. TESORO DI BRUNETTO LATINI. PROBLEMA DELLE ICONE SACRE. CALLIMACO. SCRITTURA PRECAROLINA E CAROLINA A BOBBIO. AVVENTURE ARCHEOLOGICHE. I PRINCIPI. EPISTOLE AUTOGRAFE. ARGONAUTICHE. METAFISICA. CIVILTÀ MICENEA NELL'ITALIA MERIDIONALE. BASILICA SANTI COSMA E DAMIANO IN ROMA. VETRI ROMANI NEL MUSEO DI AQUILEIA. STORIA DEI ROMANI. L'ENIGMA DI CANOSSA. STORIA DELLA CHIESA. EPINOMIS. PALTONE. PALUMBO P. F. GRILLONE A. DE SANCTIS G. CANTU'' C. ARISTOTELE. ORIGENE. CANGIANO DE AZEVEDO M. SCAZZOSO P. FONSECA C. D. MILANI C. VALENTINO A. |
| 501 ## - WITH NOTE | |
| With note | Società San Paolo EM - Piazza San Paolo, 14 - 12051 ALBA (CN) (non commercial uses only) ® Copyright 2017 |
| 520 ## - SUMMARY, ETC. | |
| Summary, etc. | SOMMARIO ANNATA 1969. ARTICOLI MISCELLANEA RECENSIONI ANNUNZI BIBLIOGRAFICI LIBRI RICEVUTI. CESARE NICERO BRIENNIO, STORICO. STORIA BIBLICA E PROFANA IN IRENEO. RICERCHE SUL LESSICOGRAFO PAPIA. ATTORE NELLA COMMEDIA NOVA. DIARIO DEL MANTOVANI. CICERONIANA. TESORO DI BRUNETTO LATINI. PROBLEMA DELLE ICONE SACRE. CALLIMACO. SCRITTURA PRECAROLINA E CAROLINA A BOBBIO. AVVENTURE ARCHEOLOGICHE. I PRINCIPI. EPISTOLE AUTOGRAFE. ARGONAUTICHE. METAFISICA. CIVILTÀ MICENEA NELL'ITALIA MERIDIONALE. BASILICA SANTI COSMA E DAMIANO IN ROMA. VETRI ROMANI NEL MUSEO DI AQUILEIA. STORIA DEI ROMANI. L'ENIGMA DI CANOSSA. STORIA DELLA CHIESA. EPINOMIS. PALTONE. PALUMBO P. F. GRILLONE A. DE SANCTIS G. CANTU'' C. ARISTOTELE. ORIGENE. CANGIANO DE AZEVEDO M. SCAZZOSO P. FONSECA C. D. MILANI C. VALENTINO A. |
| 650 ## - SUBJECT ADDED ENTRY--TOPICAL TERM | |
| Topical term or geographic name as entry element | STORIA - LINGUISTICA - FILOLOGIA |
| 942 ## - ADDED ENTRY ELEMENTS (KOHA) | |
| Koha item type | RIVISTA |
| 957 ## - | |
| -- | 1 |
| 999 ## - SYSTEM CONTROL NUMBERS (KOHA) | |
| -- | 1 |
| Withdrawn status | Lost status | Damaged status | Not for loan | Home library | Current library | Date acquired | Total Checkouts | Full call number | Date last seen | Price effective from | Koha item type | Public note |
|---|---|---|---|---|---|---|---|---|---|---|---|---|
| Buone Condizioni | Not For Loan | ALBA - Biblioteca | ALBA - Biblioteca | 16/01/2017 | R050-R1010 | 16/01/2017 | 16/01/2017 | RIVISTA | (data import: 16 gennaio 2017) - By Epidotti, Vaglietti. |